000 00465nam a22001697a 4500
003 BD-DhUL
005 20201125114733.0
008 180913snd. pk ||||| |||| 00| 0 urd d
040 _aBD-DhUL
_cBD-DhUL
082 _a891.431
_bALS
100 0 _aالطاف مشھدی
245 1 _aشاخ گل /
_cالطاف مشھدی
260 _aلاهور :
_bاشاعت منزل،
_c۔
300 _aص۔ ۱۶۰ ؛
_c۱۹ سم۔
650 4 _aUrdu poetry
942 _2ddc
_cBK
999 _c243468
_d243468